| 000 | 00662cam a22002171a 4500 | ||
|---|---|---|---|
| 001 | ne 64000338 | ||
| 003 | DLC | ||
| 005 | 20260227111755.0 | ||
| 008 | 910805s1962 ua b 000 0 ara | ||
| 010 | _ane 64000338 | ||
| 035 | _a(OCoLC)24176761 | ||
| 040 |
_aDLC _cMWalB _dMWalB _dDLC |
||
| 042 | _apremarc | ||
| 050 | 0 | 0 |
_aHA29 _b.I67 1962 |
| 100 | 1 | _aIsnāwī, Aḥmad Ḥasan. | |
| 245 | 1 | 3 |
_aal-Wajīz fī al-iḥṣāʼ al-taṭbīqī / _cAḥmad Ḥasan al-Isnāwī. |
| 260 |
_aal-Qāhirah : Dār al-Nahḍat al-ʻArabīyah, _c[1962] |
||
| 300 |
_a276 p. ; _c24 cm. |
||
| 504 | _aIncludes bibliographical references (p. [8]) | ||
| 650 | 0 | _aStatistics. | |
| 999 |
_c46685 _d46685 |
||